हिंदी शिक्षण: नए भविष्य की तलाश (Record no. 1433630)
[ view plain ]
| 000 -LEADER | |
|---|---|
| fixed length control field | 00779nam a22001937a 4500 |
| 005 - DATE AND TIME OF LATEST TRANSACTION | |
| control field | 20250714153703.0 |
| 008 - FIXED-LENGTH DATA ELEMENTS--GENERAL INFORMATION | |
| fixed length control field | 250714b |||||||| |||| 00| 0 eng d |
| 037 ## - SOURCE OF ACQUISITION | |
| Terms of availability | TB |
| 040 ## - CATALOGING SOURCE | |
| Original cataloging agency | CRL |
| Transcribing agency | CRL |
| 041 ## - LANGUAGE CODE | |
| Source of code | hindi |
| 084 ## - COLON CLASSIFICATION NUMBER | |
| Classification number | T:3(P152) 152P8 |
| Assigning agency | CRL |
| 245 ## - TITLE STATEMENT | |
| Title | हिंदी शिक्षण: नए भविष्य की तलाश |
| 260 ## - PUBLICATION, DISTRIBUTION, ETC. | |
| Place of publication, distribution, etc. | आगरा, भारत: |
| Name of publisher, distributor, etc. | केंद्रीय हिंदी संस्थान, |
| Date of publication, distribution, etc. | 2018. |
| 300 ## - PHYSICAL DESCRIPTION | |
| Extent | 392p. |
| 365 ## - TRADE PRICE | |
| Price amount | 240.00 |
| Currency code | INR |
| 700 ## - ADDED ENTRY--PERSONAL NAME | |
| Personal name | शर्मा, सत्यवीर |
| Relator term | Editor |
| 9 (RLIN) | 815558 |
| 942 ## - ADDED ENTRY ELEMENTS (KOHA) | |
| Source of classification or shelving scheme | Colon Classification (CC) |
| Koha item type | Textbook |
| Classification part | T:3(P152) 152P8 |
| Suppress in OPAC | No |
| Withdrawn status | Lost status | Source of classification or shelving scheme | Damaged status | Not for loan | Home library | Current library | Date acquired | Source of acquisition | Cost, normal purchase price | Inventory number | Total Checkouts | Full call number | Barcode | Date due | Date last seen | Date last checked out | Price effective from | Koha item type |
|---|---|---|---|---|---|---|---|---|---|---|---|---|---|---|---|---|---|---|
| Colon Classification (CC) | Central Library | Arts Library | 2025-07-14 | Katyani pub & book seller | 240.00 | 38 & 04-02-2025 | 1 | T:3(P152) 152P8 | CL1682869 | 2025-12-30 | 2025-12-30 | 2025-12-30 | 2025-07-14 | Textbook |
